书目信息 |
| 题名: |
宣传的艺术与修养
|
|
| 作者: | ;共青团中央宣传部 编 | |
| 分册: | ||
| 出版信息: | 北京 中国青年出版社 1983 |
|
| 页数: | 184页 | |
| 开本: | 19cm | |
| 丛书名: | 青年工作研究丛书 | |
| 单 册: | ||
| 中图分类: | D432.6 | |
| 科图分类: | ||
| 主题词: | 青年工作--中国 | |
| 电子资源: | ||
| ISBN: | ||
| 000 | 00742nam2 2200253 45 | |
| 001 | 0183002988 | |
| 005 | 20050627152039.3 | |
| 010 | @dCNY0.48 | |
| 091 | @a3009.225 | |
| 100 | @a19950509d1983 em y0chiy0121 ea | |
| 101 | 0 | @achi |
| 102 | @aCN@b110000 | |
| 105 | @ay z 000yy | |
| 200 | 10 | @a宣传的艺术与修养@Axuan chuan de yi shu yu xiu yang@f共青团中央宣传部编@FGong Qing Tuan Zhong Yang Xuan Chuan Bu Bian |
| 210 | @a北京@c中国青年出版社@d1983 | |
| 215 | @a184页@d19cm | |
| 225 | 2 | @a青年工作研究丛书 |
| 410 | 0 | @120010@a青年工作研究丛书 |
| 606 | @a青年工作@y中国 | |
| 690 | @aD432.6@v3 | |
| 711 | 02 | @a共青团中央宣传部@4编 |
| 801 | 0 | @aCN@b上海图书馆@c20040420 |
| 801 | 2 | @aCN@bNLC@c20040420 |
| 905 | @dD432.6@e108@f1@b176389 | |
| 宣传的艺术与修养/共青团中央宣传部编.-北京:中国青年出版社,1983 |
| 184页;19cm.-(青年工作研究丛书) |
| ISBN :CNY0.48 |
| ● |
| 相关链接 |
|
|
|
|
正题名:宣传的艺术与修养
索取号:D432.6/108
 
预约/预借
| 序号 | 登录号 | 条形码 | 馆藏地/架位号 | 状态 | 备注 |
| 1 | 0176386 | 001859885 | 密集书库/ [索取号:D432.6/108] | 在馆 | |
| 2 | 0176387 | 000481339 | 密集书库/ [索取号:D432.6/108] | 在馆 | |
| 3 | 0176389 | 000774273 | 第一样本阅览室/ [索取号:D432.6/108] | 在馆 |